Statistics for 15 Closest Country Tripoint Pairs

Click here to take the quiz!

General Stats

  • This quiz has been taken 38 times
  • The average score is 78 of 90

Answer Stats

COUNTRY % Correct
France
97%
Germany
97%
Spain (W)
97%
Austria
97%
Belgium
97%
Spain (E)
97%
Liechtenstein
94%
Switzerland (S)
94%
Russia
94%
Hungary
94%
Switzerland
94%
Russia (W)
94%
Switzerland (N)
94%
Croatia
94%
Andorra
94%
China
91%
Bulgaria
91%
Slovenia
89%
Poland
89%
Serbia
89%
Luxembourg
89%
Mongolia
89%
Macedonia
86%
Albania
86%
Pakistan
86%
Kazakhstan
86%
Kosovo
86%
Afghanistan
86%
Montenegro
86%
Israel
83%
Iran
80%
Jordan
80%
Armenia
80%
Iran (W)
80%
Syria
80%
Iran (E)
80%
Turkey
80%
Belarus
80%
Tajikistan
77%
Lithuania
77%
Lebanon
77%
Azerbaijan
74%
Botswana
51%
Namibia
51%
Zambia
51%
Zimbabwe
51%

Score Distribution

Percentile by Number Answered

Percent of People with Each Score

Your Score History

You have not taken this quiz